Matouš Háša : flashback /

Hlavní autor: Háša, Matouš, 1992-
Korporativní autor: Galerie Art (Chrudim, Česko)
Další autoři: Wohlmuth, Radek, 1967-
Jazyk: Čeština
Angličtina
Vydáno: Chrudim : Galerie ART Chrudim Světlana a Luboš Jelínkovi, [2019]
Témata:
Fyzický popis: 34 nečíslovaných stran : barevné ilustrace, portréty ; 21 cm
Language note: Souběžný anglický text
Knihy
Uloženo v:
LEADER 02243nam a2200565 i 4500
001 nkc20193092867
003 CZ PrNK
005 20230915130847.0
007 ta
008 220913s2019 xr ac e c 000 0dcze
020 |a 978-80-907388-1-2  |q (brožováno) 
040 |a ABA001  |b cze  |e rda 
041 1 |a cze  |a eng  |h cze 
043 |a e-xr--- 
045 |a y-y- 
072 7 |a 73  |x Sochařství, keramika, porcelán, umělecké zpracování kovů  |2 Konspekt  |9 21 
080 |a 730(437.3)  |2 MRF 
080 |a 730.041  |2 MRF 
080 |a 730.036/.038  |2 MRF 
080 |a (437.3)  |2 MRF 
080 |a (083.824)  |2 MRF 
100 1 |a Háša, Matouš,  |d 1992-  |7 osa20191045647  |4 art  |4 aut 
245 1 0 |a Matouš Háša :  |b flashback /  |c texty: Radek Wohlmuth, Matouš Háša 
246 3 0 |a Flashback 
246 1 8 |a Matouš Háša - flashback 
264 1 |a Chrudim :  |b Galerie ART Chrudim Světlana a Luboš Jelínkovi,  |c [2019] 
300 |a 34 nečíslovaných stran :  |b barevné ilustrace, portréty ;  |c 21 cm 
336 |a text  |b txt  |2 rdacontent 
337 |a bez média  |b n  |2 rdamedia 
338 |a svazek  |b nc  |2 rdacarrier 
500 |a "Katalog k výstavě v květnu - červnu 2019, Galerie ART Chrudim Světlana a Luboš Jelínkovi"--Obálka 
500 |a Životopisná data a přehled výstav 
546 |a Souběžný anglický text 
600 1 7 |a Háša, Matouš,  |d 1992-  |7 osa20191045647  |2 czenas 
648 7 |a 21. století  |7 ch460559  |2 czenas 
650 0 7 |a české sochařství  |7 ph128152  |y 21. století  |2 czenas 
650 0 7 |a figurální plastiky  |7 ph319024  |z Česko  |y 21. století  |2 czenas 
650 0 7 |a moderní sochařství  |7 ph122941  |z Česko  |2 czenas 
650 0 9 |a Czech sculpture  |y 21st century  |2 eczenas 
650 0 9 |a figure sculptures  |z Czechia  |y 21st century  |2 eczenas 
650 0 9 |a modern sculpture  |z Czechia  |2 eczenas 
655 7 |a katalogy výstav  |7 fd132536  |2 czenas 
655 9 |a exhibition catalogs  |2 eczenas 
700 1 |a Wohlmuth, Radek,  |d 1967-  |7 jn20000402690  |4 aut 
710 2 |a Galerie Art (Chrudim, Česko)  |7 osa2014810457  |4 isb  |4 orm 
910 2 |a BOA001  |b 2-1511.807 
990 |a BK 
995 |a 11 
991 |b 202309  |c NOV 
996 6 |b 2610947979  |c 2-1511.807  |l MZK  |r Sklad / do 1 hodiny  |n 1  |p p.v.  |w 001938007  |u 000010  |a 1  |e BOA001  |j MZK50  |s P